[Event "Golubitskaya op"]
[Site "Golubitskaya"]
[Date "2014.06.26"]
[Round "6"]
[White "Vorobiov, Alexander N"]
[Black "Belyaev, Vladimir"]
[Result "1/2-1/2"]
[WhiteElo "2275"]
[BlackElo "2191"]
[PlyCount "29"]
[EventDate "2014.06.21"]
[EventType "swiss"]
[EventRounds "9"]
[EventCountry "RUS"]
[SourceTitle "EXT 2015"]
[Source "ChessBase"]
[SourceDate "2014.11.20"]
[SourceVersion "1"]
[SourceVersionDate "2014.11.20"]
[SourceQuality "1"]

1. d4 Nf6 2. Nf3 g6 3. c4 Bg7 4. Nc3 d5 5. Bf4 c5 6. e3 0-0 7. Be2 Nc6 8. 0-0 cxd4 9. Nxd4 Nxd4 10. Qxd4 Be6 11. Bf3 dxc4 12. Qxd8 Raxd8 13. Bxb7 Rd2 14. Rab1 Nh5 15. Bc7 1/2-1/2